000 00710nam a2200217 a 4500
020 _a2130496601
040 _cDLC
082 0 0 _a307 PRE 1998 A073 Or.
245 0 0 _aTradition et modernisation des économies rurales :
_bAsie-Afrique-Amérique latine : mélanges en l'honneur de Gilbert Etienne /
250 _a1ère éd.
260 _aParis :
_bPresses universitaires de France,
_cc1998.
300 _a393 p. :
_bill., maps ;
_c24 cm.
500 _a"Bibliographie de Gilbert Etienne": p. 377-387.
650 0 _aRural development
650 0 _aRural development
650 0 _aRural development
700 1 _aEtienne, Gilbert.
700 1 _aAuroi, Claude,
700 1 _aMaurer, Jean-Luc.
942 _cEK
999 _c15212
_d15212